000 01386cam a22001934a 4500
005 20250605163933.0
008 250528s ||||||||||||||||||||||||d
035 _a14754
020 _a860919811
040 _aGR-AtMCL
_bgre
_dGR-AtMCL
_eAACR2
245 1 _aLate Marxism / Adorno, Or, The Persistence of the Dialectic
260 _bVerso,
_c1992
300 _a278
520 _aThe most philosophically sophisticated and searching study of Theodor Adorno to appear in English...powerful and persuasive. Introduction: Adorno in the Stream of Time, Baleful Enchantments of the Concept, Identity and Anti-Identity, Dialectics and the Extrinsic, Sociology and the Philosophical Concept, The Uses and Misuses of Culture Critique, Benjamin and Constellations, Models, Kant and Negative Dialectics, The Freedom Model, The History Model, Natural History, The Metaphysics Model, Parable of the Oarsmen, Bias Towards the Objective, The Guilt of Art, Vicissitudes of Culture on the Left, Mass Culture as Big Business, The Culture Industry as Narrative, Productivities of the Monad, Nominalism, The Crisis of Schein, Reification, The Monad as an Open Closure, Forces of Production, Relations of Production, The Subject and Language, Truth-Content and Political Art, Adorno in the Postmodern, Notes, Index.
700 1 _aJameson Fredric
_9509
942 _cBK
999 _c374
_d374